000 00853nam a2200217 i 4500
001 164226
003 ES-MaACL
005 20240312215327.0
008 000119s1859 sp f |||| | spa d
100 1 _aSaavedra, Eduardo,
_d1829-1912
_9101132
245 1 0 _aLecciones sobre la resistencia de los materiales /
_cpor Eduardo Saavedra.
250 _a2ª ed. corr. y aum.
260 _aMadrid :
_b[s.n.],
_c1859.
300 _aVIII, 189 p., 10 h. de lám. ;
_c22 cm.
594 _aPrecede al tít.: Escuela Superior de Ingenieros de Caminos, Canales y Puertos.
597 _aReprod. anastática de ms.
650 4 _aResistencia de materiales.
_9136826
710 2 _aEscuela Superior de Ingenieros de Caminos Canales y Puertos.
_93599
852 _aES-MaACL
_jT-183-F-3
_z- Enc. hol.
_z- Enc. en un vol. facticio
999 _c164226
_d164226